000 00659nam a22001817a 4500
005 20120203123037.0
020 _c105.00
_a
035 _aA-890569
037 _b
_adpl
082 _a081
100 _a
_940690
245 1 _aनेताजी सम्पूर्ण वाड्.मय/
_c
260 _aनई दिल्ली
_bप्रकाशन विभाग
_c1997
270 _a
_b
_e
_k
300 _a241पृ.
_c22सेमी (सजिल्द)
942 _adpl
_cHN
_k
_2ddc
_h081
_mबोससु
999 _c61893
_d61893